000
00313nam a22001337a 4500
008
170904b xxu||||| |||| 00| 0 eng d
020
_a
9781465257475
041
_a
eng
080
_2
3 ED
_a
070
100
_a
40
101
_a
MED
245
_a
COMMUNICATIONN FOR TODAY STUDENT
_c
WARD.K.T
942
_2
udc
_c
BK
999
_c
25936
_d
25936